| 000 | 01014na a2200301 4500 | ||
|---|---|---|---|
| 001 | 12644 | ||
| 003 | MIRAKIL | ||
| 005 | 20181213155305.0 | ||
| 008 | 160826b tu 000 0 | ||
| 020 | _a9786053992639 | ||
| 035 | _a12644 | ||
| 040 |
_aMilas _btur _cTR-AnCHP |
||
| 082 |
_a121 _bF68b 2012 |
||
| 090 | _a121 F68b 2012 | ||
| 100 | _aFoucault, Michel | ||
| 245 |
_aBilme istenci üzerine dersler _bCollége de France dersleri 1970-1971 _cMichel Foucault ; çeviren Kerem Eksen ; yayına hazırlayan Ferhat Taylan |
||
| 260 |
_aİstanbul _bİstanbul Üniversitesi Yayınları _c2012. |
||
| 300 |
_aVIII, 304 s. _c23 sm. |
||
| 490 |
_aKavramlar ve Pratikler _v2 |
||
| 490 |
_aİstanbul Bilgi Üniversitesi yayınları _v408 |
||
| 500 | _aözgün yapıt adı : Leçons sur la volonte de savoir | ||
| 504 | _aDizin ve Yunanca terimler var. | ||
| 650 |
_aFransız felsefesi _x20. yüzyıl |
||
| 650 | _aBilgi kuramı | ||
| 700 | _aTaylan, Ferhat | ||
| 700 | _aEksen, Kerem | ||
| 942 |
_2ddc _cBKS |
||
| 999 |
_c10037 _d10037 |
||